Medzinárodné účtovné štandardy: Európske fórum. Schválenie európskej smernice o kapitálovom zabezpečení

Koncom roka 2005 bola schválená smernica o kapitálovom zabezpečení (Capital Requirements Directive). Úlohy smernice.

Uložené v:
Podrobná bibliografia
Hlavný autor: Tumpach, Miloš, 1970-
Médium: Kapitola
Jazyk:Slovak
Predmet:
Tagy: Pridať tag
Žiadne tagy, Buďte prvý, kto otaguje tento záznam!

MARC

LEADER 00000nla$a2200000$$$4500
001 0045461
005 20240502071527.7
041 0 |a slo 
044 |a SK 
245 1 0 |a Medzinárodné účtovné štandardy: Európske fórum. Schválenie európskej smernice o kapitálovom zabezpečení  |c Miloš Tumpach 
520 |a Koncom roka 2005 bola schválená smernica o kapitálovom zabezpečení (Capital Requirements Directive). Úlohy smernice. 
610 2 0 |a primeranosť kapitálová 
610 2 0 |a smernice 
610 2 0 |a Európska únia 
100 1 |a Tumpach, Miloš, 1970-